5-Word Best Picture Slot Machine Quiz Stats

 Plays Quiz Updated Jan 6, 2013

Challenge
Share
Tweet
Score 0/180 Timer 10:00
9 Plays Today
Word Movie % Correct
RaidersROTLA
96.3%
OfROTLA
96.3%
TheROTLA
96.3%
LostROTLA
96.3%
ArkROTLA
96.3%
FourFWAAF
92.6%
WeddingsFWAAF
92.5%
AFWAAF
92.5%
FuneralFWAAF
92.5%
AndFWAAF
92.4%
TheTSOTL
92.2%
SilenceTSOTL
92.2%
OfTSOTL
92.2%
TheTSOTL
92.2%
LambsTSOTL
92.2%
Who'sWAOVW
88.9%
AfraidWAOVW
88.9%
OfWAOVW
88.9%
VirginiaWAOVW
88.9%
WoolfWAOVW
88.9%
NoNCFOM
87.6%
CountryNCFOM
87.6%
ForNCFOM
87.6%
OldNCFOM
87.6%
MenNCFOM
87.6%
GuessGWCTD
87.1%
Who'sGWCTD
87.1%
ComingGWCTD
87.1%
ToGWCTD
87.1%
DinnerGWCTD
87.1%
Mr.MSGTW
83.8%
SmithMSGTW
83.7%
GoesMSGTW
83.7%
ToMSGTW
83.7%
WashingtonMSGTW
83.7%
SevenSBFSB
81.8%
BridesSBFSB
81.8%
ForSBFSB
81.8%
SevenSBFSB
81.8%
BrothersSBFSB
81.8%
ForFWTBT
80.8%
WhomFWTBT
80.8%
TheFWTBT
80.8%
BellFWTBT
80.8%
TollsFWTBT
80.8%
ExtremelyELAIC
79.5%
LoudELAIC
79.5%
AndELAIC
79.5%
IncrediblyELAIC
79.5%
CloseELAIC
79.5%
AdventuresTAORH
78.3%
OfTAORH
78.3%
HoodTAORH
78.3%
TheTAORH
78.1%
RobinTAORH
78.1%
TheTDOAF
77.1%
DiaryTDOAF
77.1%
OfTDOAF
77.1%
AnneTDOAF
77.1%
FrankTDOAF
77.1%
Word Movie % Correct
TheHTWWW
73%
WestHTWWW
73%
WasHTWWW
73%
WonHTWWW
73%
HowHTWWW
72.8%
AsAGAIG
71%
GoodAGAIG
71%
AsAGAIG
71%
ItAGAIG
71%
GetsAGAIG
71%
AATOTC
67.3%
TaleATOTC
67.3%
OfATOTC
67.3%
CitiesATOTC
67.3%
TwoATOTC
67.1%
ChildrenCOALG
66%
OfCOALG
66%
ACOALG
66%
LesserCOALG
66%
GodCOALG
66%
TheTROTD
65.1%
RemainsTROTD
65.1%
OfTROTD
65.1%
TheTROTD
65.1%
DayTROTD
65.1%
TheTPOTY
65%
PrideTPOTY
65%
OfTPOTY
65%
TheTPOTY
65%
YankeesTPOTY
65%
TheTGSOE
64.5%
GreatestTGSOE
64.4%
ShowTGSOE
64.4%
OnTGSOE
64.4%
EarthTGSOE
64.4%
KissKOTSW
61.3%
OfKOTSW
61.3%
TheKOTSW
61.3%
SpiderKOTSW
61.2%
WomanKOTSW
61.2%
AARWAV
58.9%
RoomARWAV
58.9%
WithARWAV
58.9%
AARWAV
58.9%
ViewARWAV
58.9%
HowHGWMV
54.5%
GreenHGWMV
54.5%
WasHGWMV
54.5%
MyHGWMV
54.5%
ValleyHGWMV
54.5%
AAMFAS
53.3%
ManAMFAS
53.3%
ForAMFAS
53.3%
AllAMFAS
53.3%
SeasonsAMFAS
53.3%
TheTBOSM
53%
BellsTBOSM
53%
OfTBOSM
53%
St.TBOSM
53%
Mary'sTBOSM
53%
Word Movie % Correct
Mr.MDGTT
50.7%
DeedsMDGTT
50.7%
GoesMDGTT
50.7%
ToMDGTT
50.7%
TownMDGTT
50.7%
GoodGNAGL
48%
NightGNAGL
48%
GoodGNAGL
48%
LuckGNAGL
48%
AndGNAGL
47.9%
TheTSOLP
47.2%
StoryTSOLP
47.2%
OfTSOLP
47.2%
LouisTSOLP
47.2%
PasteurTSOLP
47.2%
ThreeTCITF
46.2%
CoinsTCITF
46.2%
InTCITF
46.2%
TheTCITF
46.2%
FountainTCITF
46.2%
TheTKAAR
42.4%
KidsTKAAR
42.4%
AreTKAAR
42.4%
AllTKAAR
42.4%
RightTKAAR
42.4%
TheTTOTT
35.1%
TalkTTOTT
35.1%
TheTTOTT
35.1%
TownTTOTT
35.1%
OfTTOTT
35%
AAPITS
31.5%
PlaceAPITS
31.5%
InAPITS
31.5%
TheAPITS
31.5%
SunAPITS
31.5%
TheTBOWS
26.9%
BarrettsTBOWS
26.9%
OfTBOWS
26.9%
WimpoleTBOWS
26.9%
StreetTBOWS
26.9%
AnneAOTTD
25.7%
OfAOTTD
25.7%
TheAOTTD
25.7%
ThousandAOTTD
25.7%
DaysAOTTD
25.7%
TheTHRO1929
24.2%
HollywoodTHRO1929
23.9%
RevueTHRO1929
23.9%
OfTHRO1929
23.9%
1929THRO1929
23.9%
AllATAHT
22.2%
ThisATAHT
22.2%
AndATAHT
22.2%
HeavenATAHT
22.2%
TooATAHT
22.2%
AALTTW
19%
LetterALTTW
19%
ToALTTW
19%
ThreeALTTW
19%
WivesALTTW
19%

You're not logged in!

Compare scores with friends on all Sporcle quizzes.
OR
Log In

You Might Also Like...

Show Comments

Extras

Top Quizzes Today


Score Distribution

Your Account Isn't Verified!

In order to create a playlist on Sporcle, you need to verify the email address you used during registration. Go to your Sporcle Settings to finish the process.

Report this User

Report this user for behavior that violates our Community Guidelines.

Details: